000 00694nam a2200289Ia 4500
005 20260324145329.0
008 008 260324s9999 xx 000 0 eng d
020 _a9781315713212
037 _aEBOOK
040 _aCRL
040 _beng
040 _cCRL
041 _2eng
041 _aeng
084 _qCRL
100 _aAllen Oakley
_91221258
245 4 _aThe Making of Marx's Critical Theory (RLE Marxism)
245 2 _bA Bibliographical Analysis
260 _bTaylor and Francis
260 _c1983
365 _a
365 _b130
856 _uhttp://www.taylorfrancis.com/books/9781315713212
942 _cEBOOK
999 _c1830336
_d1830336